[Event "Dhaka Saarc op"]
[Site "Dhaka"]
[Date "2019.11.26"]
[Round "2"]
[White "Mohamed, Hassan2222"]
[Black "Md Nasirul, Islam Sangram"]
[Result "1-0"]
[WhiteElo "1840"]
[BlackElo "1801"]
[PlyCount "91"]
[EventDate "2019.11.25"]
[EventType "swiss"]
[EventRounds "9"]
[EventCountry "BAN"]
[SourceTitle "CBM 193 Extra"]
[Source "ChessBase"]
[SourceDate "2020.01.31"]
[SourceVersion "1"]
[SourceVersionDate "2020.01.31"]
[SourceQuality "1"]

1. d4 d5 2. c4 e6 3. Nc3 Nf6 4. Nf3 Be7 5. Bg5 0-0 6. e3 b6 7. cxd5 exd5 8. Qb3 Bb7 9. Be2 Nbd7 10. 0-0 c6 11. Rac1 b5 12. Bd3 a6 13. Qc2 h6 14. Bh4 Re8 15. Bf5 Nf8 16. Ne5 c5 17. Ne2 c4 18. f4 a5 19. Rf3 Ne4 20. Bxe7 Qxe7 21. Bxe4 dxe4 22. Rg3 Ra6 23. Nc3 Rb6 24. Rf1 f5 25. b3 Rc8 26. bxc4 bxc4 27. Na4 Rb4 28. Nc5 Bd5 29. a3 Rb5 30. Qc3 Rc7 31. Rc1 a4 32. Nxa4 Ra7 33. Nc5 Rxc5 34. dxc5 Qxc5 35. a4 Ne6 36. Kh1 Rxa4 37. Nd7 Qa5 38. Qe5 Qd2 39. Ra1 Rb4 40. Rg1 c3 41. Nf6+ Kh8 42. Nxd5 c2 43. Qxe6 Rb7 44. Qe8+ Kh7 45. Nf6+ gxf6 46. Qg8# 1-0